000 01064nam a2200277 i 4500
001 6392
003 ES-MaACL
005 20250809063445.0
007 t|
008 891009s1986 fr ||||1| fre d
020 _a2-01-011407-8
080 _a9(44)"1789/1799"
080 _a90(44)"18"
100 1 _aFuret, François,
_d1927-1997
_953035
245 1 3 _aLa Gauche et la Revolution francaise au milieu du XIXe siecle
_b: Edgar Quinet et la question du Jacobinisme (1865-1870) /
_cFrancois Furet ; textes presentes par Marina Valensise.
260 _aParis :
_bHachette,
_c1986.
300 _a17 p. ;
_c23 cm.
490 1 _aLibrairie du Bicentenaire de la Revolution Francaise
600 1 4 _aQuinet, Edgar,
_d1803-1875
_994643
650 4 _aJacobinos-
_zFrancia-
_vHistoria.
_913928
651 4 _aFrancia-
_xHistoria-
_y1789-1799, Revolución
_9241176
700 1 _aValensise, Marina.
_9112588
830 0 _aLibrairie du Bicentenaire de la Revolution Francaise
_9177526
852 _aES-MaACL
_jG-578
_bR.117174
_z. - rust.
999 _c6392
_d6392